00319pam a2200121a 44500008004100000041000800041100001700049245002900066250001000095260003900105300001000144440004300154230405s2010 xxu||||| |||| 00| 0 eng d aENG aDHALIWAL G S aAN OUTLINE OF ENTOMOLOGY a2 Ed. aLUDHIANAbKalyani Publishersc2010 a408p. aMEHTA BOOK SELLERS, KOLHAPUR. B-047638